Quick Pick: Oscar-Nominated James Bond Movies Quiz Stats

 Plays Quiz Updated Aug 4, 2019

Score 0/9 Timer 01:30
15 Plays Today
% Correct
Skyfall
74.2%
Goldfinger
73.5%
Live and Let Die
56.5%
Spectre
55.6%
Diamonds Are Forever
52.7%
The Spy Who Loved Me
44.6%
For Your Eyes Only
43%
Thunderball
42.3%
Moonraker
33.3%

Today's Daily Dose

Missing Word
Video Games (A-Z)

Get the Picture
Tom Hanks

You're not logged in!

Compare scores with friends on all Sporcle quizzes.
OR
Log In

Sporcle TV

Today on Sporcle TV


Watch our educational content, quiz creation guides, and fun videos on Sporcle TV.

Show Comments

Extras

Top Quizzes Today


Score Distribution

Your Account Isn't Verified!

In order to create a playlist on Sporcle, you need to verify the email address you used during registration. Go to your Sporcle Settings to finish the process.

Report this User

Report this user for behavior that violates our Community Guidelines.

Details: